| 000 | 01664nam a22004457a 4500 | ||
|---|---|---|---|
| 001 | 000094709 | ||
| 003 | CHAP | ||
| 005 | 20220329143039.0 | ||
| 008 | 051020d2005 mx a r 00110 spa d | ||
| 010 | _a91175 | ||
| 011 | _a92147 | ||
| 035 | _a102710 | ||
| 040 | _cCHAP | ||
| 090 | _aTesis | ||
| 100 | 0 | 0 |
_aRamírez Maldonado, Miguel Angel. _994122 |
| 245 | 1 | 0 |
_aInhibición del crecimiento in vitro de micelio de Phytophthora infestans Mont de Bary por metalaxyl y cimoxanyl / _c/por Miguel Angel Ramírez Maldonado. |
| 260 |
_aChapingo, Méx. : _bEl autor, _c2005. |
||
| 300 |
_a39 h. : _bilus. |
||
| 502 | _aTesis (Ing. Agr. Esp. en Fitotecnia) -- UACH. Departamento de Fitotecnia | ||
| 590 |
_aALEPH _b10 _c20130110 _lUCH01 _h1507 |
||
| 590 |
_aBATCH-UPD _b10 _c20130110 _lUCH01 _h1619 |
||
| 590 |
_aBATCH-UPD _b10 _c20130410 _lUCH01 _h1013 |
||
| 590 |
_aBATCH-UPD _b10 _c20130914 _lUCH01 _h1451 |
||
| 590 |
_aBATCH-UPD _b10 _c20140324 _lUCH01 _h1452 |
||
| 590 |
_aBATCH-UPD _b10 _c20141002 _lUCH01 _h0827 |
||
| 590 |
_aCONVERSION _b10 _c20130109 _lUCH01 _h1350 |
||
| 590 |
_aE12093SGE _b10 _c20130612 _lUCH01 _h0922 |
||
| 650 | 1 | 4 |
_aFungicidas. _944044 |
| 650 | 1 | 4 |
_aMetalaxyl. _975162 |
| 650 | 1 | 4 |
_aPapa _xEnfermedades por hongos. _985229 |
| 650 | 1 | 4 |
_aPhytophthora infestans. _987925 |
| 650 | 1 | 4 |
_aTizón tardío de la papa. _9113451 |
| 856 |
_3Finding aid _uhttp://10.13.5.2/tesis/102710.pdf _zTeclea aquí |
||
| 901 | _aBK | ||
| 905 | _aAlejandra Carrasco M. | ||
| 942 | _cCD | ||
| 942 | _n0 | ||
| 949 |
_aTesis _bBC _cTES _d1027101 _eTS1 _gI. DonaciØn _h44063 _i102710 _sb |
||
| 949 |
_aTesis _bBC _cTES _d33724000971024 _eTS2 _fc.2 _gI. DonaciØn _h44064 _i102710 _sb |
||
| 999 |
_c91175 _d91175 |
||